Simulador CPUCR
Guardat en:
| Autor principal: | |
|---|---|
| Format: | Thesis Llibre |
| Idioma: | Undetermined |
| Publicat: |
1985
|
| Matèries: | |
| Etiquetes: |
Afegir etiqueta
Sense etiquetes, Sigues el primer a etiquetar aquest registre!
|
MARC
| LEADER | 00000nam a2200000Ia 4500 | ||
|---|---|---|---|
| 001 | 002846 V II | ||
| 008 | 140114s9999 xx 000 0 und d | ||
| 100 | |a Ulloa Jimenez, Sergio Mauricio | ||
| 245 | |a Simulador CPUCR | ||
| 260 | |c 1985 | ||
| 500 | |a NULL | ||
| 502 | |a Escuela de ingenieria Electrica | ||
| 650 | |z SIMULADOR CPUCR | ||
| 999 | |c 11653 |d 11653 | ||
